000
00211 a2200109 4500
020
_a
9788426412386
041
_a
spa
100
_a
Umberto Eco
245
_a
La Isla del Dia De Antes
942
_c
BK
952
_7
1
999
_c
22507
_d
22507